| 000 | 00641nam a2200205Ia 4500 | ||
|---|---|---|---|
| 003 | GCL | ||
| 008 | 140319s9999 xx 000 0 ara d | ||
| 020 | _a6252417977 | ||
| 040 |
_aGCL / _cGCL |
||
| 082 | 0 | 4 |
_a823 _bف ج |
| 100 | 1 | _aمحمد مستجير | |
| 245 | 1 | 0 |
_aجاتسبى العظيم / _cمحمد مستجير |
| 700 | 1 | _aفيتزجيرالد، سكوت | |
| 250 | _aالثانية | ||
| 260 |
_aالقاهرة : _bالدار للنشر والتوزيع ، _c2005 |
||
| 300 |
_a220 ص ؛ _c20 سم |
||
| 650 | 0 | 4 | _aالادب الامريكى |
| 650 | 0 | 4 | _aالقصص الامريكية المترجمة |
| 942 |
_2ddc _cBK |
||
| 999 |
_c7689 _d7689 |
||